| 000 | 00477ngm a22002050a 4500 | ||
|---|---|---|---|
| 001 | PT39857 | ||
| 003 | AR-LpoUNG | ||
| 005 | 20210201235842.0 | ||
| 007 | vd cvaizq | ||
| 008 | 191001suuuu||||ag |||||||||||||||||spa d | ||
| 040 |
_aAR-LpoUNG _bspa _cAR-LpoUNG _eaacr |
||
| 041 | _aspa | ||
| 044 | _aag | ||
| 245 | 1 | 0 | _aA paso de vencedores |
| 260 |
_aBuenos Aires : _bInstrumedia, _cs.f. |
||
| 300 | _aDVD : son., col. | ||
| 653 | _aVIDEOS | ||
| 905 | _a39857 | ||
| 942 | _cDVD | ||
| 999 |
_c53597 _d53597 |
||